000 00607nam a2200205Ia 4500
005 20250508161039.0
008 008 250505s9999 xx 000 0 eng d
020 _a0-470-99346-4
037 _aTextual
040 _aFEDL
_beng
_cFEDL
041 _aeng
_2eng
084 _a153, JUS
_qFEDL
100 _aJust Marcel Adam Ed.
_9770099
245 0 _aCongnitive processes in comprehension
260 _aHillsdale
_bLawrence Erlbaum Associates, Publishers
_c1977
300 _axi,329p
700 _a Carpenter Patricia A Ed.
_9770100
942 _cTEXL
_h153, JUS
999 _c1368118
_d1368118